| 000 | 00392nam a22001457a 4500 | ||
|---|---|---|---|
| 003 | MACL | ||
| 005 | 20200715123938.0 | ||
| 008 | 200715b xxu||||| |||| 00| 0 eng d | ||
| 040 | _cMACL | ||
| 100 |
_aVenkatachalapathy, A R _978944 |
||
| 245 | _aTamil Characters: Personalities, Politics, Culture | ||
| 260 |
_aDelhi _bPan macmillan _c2018 |
||
| 650 |
_aBiography _978945 |
||
| 942 |
_2ddc _cBK |
||
| 999 |
_c62623 _d62623 |
||